| 000 | 00741nas a2200229 4500 | ||
|---|---|---|---|
| 001 | BR8403567 | ||
| 003 | BR-BrBNA | ||
| 005 | 20231205085942.0 | ||
| 007 | ta | ||
| 008 | 230509b bl.|||p| |||| 00| 00por d | ||
| 040 |
_aBR-BrBNA _bpor _cBiblioteca Nacional de Agricultura |
||
| 041 | _a(Pt) | ||
| 072 | _aL30 | ||
| 100 | 1 | _aBose, M.L.V. | |
| 100 | 1 | _aMartins Filho, J.G. | |
| 245 | 1 | _aO papel dos residuos agroindustriais na alimentacao dos ruminantes | |
| 650 | _aRUMINANTE | ||
| 650 | _aRESIDUO INDUSTRIAL | ||
| 773 | 0 |
_tInforme Agropecuario - Empresa de Pesquisa Agropecuaria de Minas Gerais (Brazil) _xISSN 0100-3364 _g(Nov 1984), v. 10(119) p. 3-7 _wBR8403567 |
|
| 909 |
_a202311 _bLúcia _c55 _dLúcia Elande |
||
| 942 |
_2AGRIS _n0 _cANA |
||
| 999 |
_c115070 _d115070 |
||